| 000 | 00763cam a22002295a 4500 | ||
|---|---|---|---|
| 001 | L157149 | ||
| 008 | 120910s2012 xxk f 000 0 eng d | ||
| 020 | _a9780727757517 | ||
| 035 | _a(Sirsi) u157149 | ||
| 041 | 0 | _aeng | |
| 050 | 0 | 4 | _a624.03 $2 18 |
| 110 | 2 |
_aInstitution of Civil Engineers _91402 |
|
| 245 | 0 | 0 |
_aCESMM4 _bcivil engineering standard of method of measurement |
| 250 | _a4th ed. | ||
| 260 |
_aLondon _bICE _c2012 |
||
| 300 |
_axii, 111p. _c30cm. |
||
| 520 | _aA new update of the Civil Engineering Standard Method of Measurement (CESMM4). CESMM4 can be used with a variety of contracts and can be used internationally. | ||
| 651 | 4 | _aInternational | |
| 690 |
_aContracts _96232 |
||
| 690 |
_aConstruction management _96230 |
||
| 942 | _n0 | ||
| 999 |
_c114628 _d114628 |
||